[Event "escc2023_65"]
[Site "?"]
[Date "2023.05.27"]
[Round "2.13"]
[White "Alquist, Erik"]
[Black "Polster, Wolfgang"]
[Result "1/2-1/2"]
[BlackElo "2189"]
[WhiteElo "1960"]
[LiveChessVersion "1.4.8"]

1. e4 {[%clk 1:30:53]} c6 {[%clk 1:30:42]} 2. d4 {[%clk 1:30:55]} d5
{[%clk 1:30:52]} 3. e5 {[%clk 1:31:03]} Bf5 {[%clk 1:30:33]} 4. h4
{[%clk 1:30:47]} h5 {[%clk 1:29:53]} 5. Bd3 {[%clk 1:31:02]} Bxd3
{[%clk 1:29:47]} 6. Qxd3 {[%clk 1:31:22]} e6 {[%clk 1:29:54]} 7. Nf3
{[%clk 1:31:30]} Qa5+ {[%clk 1:29:36]} 8. Nbd2 {[%clk 1:30:02]} c5
{[%clk 1:25:48]} 9. dxc5 {[%clk 1:29:31]} Bxc5 {[%clk 1:25:58]} 10. O-O
{[%clk 1:29:32]} Qa6 {[%clk 1:25:44]} 11. c4 {[%clk 1:16:28]} Nc6
{[%clk 1:13:45]} 12. Qb3 {[%clk 1:12:16]} Rd8 {[%clk 1:09:28]} 13. cxd5
{[%clk 1:10:21]} Rxd5 {[%clk 1:08:50]} 14. Ne4 {[%clk 1:07:30]} Nge7
{[%clk 1:06:29]} 15. Nxc5 {[%clk 0:59:49]} Rxc5 {[%clk 1:06:39]} 16. Be3
{[%clk 0:58:57]} Rb5 {[%clk 0:59:59]} 17. Qc2 {[%clk 0:56:10]} O-O
{[%clk 0:58:06]} 18. Rfd1 {[%clk 0:43:31]} Nf5 {[%clk 0:51:55]} 19. Qc3
{[%clk 0:37:50]} Nce7 {[%clk 0:41:29]} 20. Bg5 {[%clk 0:36:11]} Nd5
{[%clk 0:40:55]} 21. Qc2 {[%clk 0:33:27]} Qb6 {[%clk 0:40:59]} 22. b3
{[%clk 0:32:51]} Rc5 {[%clk 0:41:09]} 23. Qd2 {[%clk 0:31:39]} Rfc8
{[%clk 0:41:25]} 24. Rac1 {[%clk 0:28:19]} Qa6 {[%clk 0:38:39]} 25. Qb2
{[%clk 0:22:53]} Rxc1 {[%clk 0:29:00]} 26. Rxc1 {[%clk 0:23:01]} Rxc1+
{[%clk 0:28:13]} 27. Bxc1 {[%clk 0:21:47]} Qd3 {[%clk 0:28:20]} 28. Bd2
{[%clk 0:20:08]} Nde7 {[%clk 0:27:44]} 29. Bg5 {[%clk 0:18:20]} Nc6
{[%clk 0:27:44]} 30. Qd2 {[%clk 0:17:25]} Qxd2 {[%clk 0:25:01]} 31. Bxd2
{[%clk 0:17:41]} Nfd4 {[%clk 0:21:48]} 32. Nxd4 {[%clk 0:16:59]} Nxd4
{[%clk 0:22:13]} 33. Kf1 {[%clk 0:17:10]} Kf8 {[%clk 0:22:22]} 34. Bc3
{[%clk 0:14:01]} Nf5 {[%clk 0:22:12]} 35. g3 {[%clk 0:14:11]} Ke8
{[%clk 0:22:09]} 36. Ke2 {[%clk 0:14:15]} Ne7 {[%clk 0:22:18]} 37. Kf3
{[%clk 0:13:06]} Nd5 {[%clk 0:22:06]} 38. Bd2 {[%clk 0:13:00]} Kd7
{[%clk 0:22:20]} 39. g4 {[%clk 0:11:15]} g6 {[%clk 0:22:43]} 40. gxh5
{[%clk 0:11:12]} gxh5 {[%clk 0:23:08]} 41. Ke4 {[%clk 0:10:47]} Kc6
{[%clk 0:23:15]} 42. Kd4 {[%clk 0:01:35]} a6 {[%clk 0:22:21]} 43. a4
{[%clk 0:25:05]} b5 {[%clk 0:52:28]} 44. axb5+ {[%clk 0:23:57]} Kxb5
{[%clk 0:52:47]} 45. f3 {[%clk 0:21:27]} Ne7 {[%clk 0:51:21]} 46. Ke4
{[%clk 0:20:36]} Nd5 {[%clk 0:50:08]} 47. Kd4 {[%clk 0:19:28]} a5
{[%clk 0:49:18]} 48. Ke4 {[%clk 0:17:14]} a4 {[%clk 0:48:37]} 49. bxa4+
{[%clk 0:17:19]} Kxa4 {[%clk 0:49:02]} 50. Kd4 {[%clk 0:15:19]} Kb3
{[%clk 0:48:13]} 51. Bg5 {[%clk 0:14:59]} Kc2 {[%clk 0:48:23]} 52. f4
{[%clk 0:14:26]} Kd2 {[%clk 0:48:05]} 53. f5+ {[%clk 0:13:33]} Ke2
{[%clk 0:48:29]} 54. fxe6 {[%clk 0:13:49]} fxe6 {[%clk 0:48:53]} 55. Kc5
{[%clk 0:12:43]} Nc3 {[%clk 0:48:50]} 56. Kd6 {[%clk 0:12:01]} Ne4+
{[%clk 0:49:04]} 57. Kxe6 {[%clk 0:12:11]} Nxg5+ {[%clk 0:49:29]} 58. Kf5
{[%clk 0:11:44]} Nf3 {[%clk 0:49:48]} 59. Kg6 {[%clk 0:10:22]} Nxe5+ 1/2-1/2

[Event "escc2023_65"]
[Site "?"]
[Date "2023.05.27"]
[Round "2.14"]
[White "Strand, Kjetil"]
[Black "Kierzek, Matthias"]
[Result "0-1"]
[BlackElo "2163"]
[WhiteElo "1942"]
[LiveChessVersion "1.4.8"]

1. e4 {[%clk 1:30:56]} c6 {[%clk 1:30:54]} 2. d4 {[%clk 1:31:15]} d5
{[%clk 1:31:19]} 3. exd5 {[%clk 1:30:45]} cxd5 {[%clk 1:31:42]} 4. c4
{[%clk 1:30:45]} Nf6 {[%clk 1:32:05]} 5. Nc3 {[%clk 1:31:00]} g6 {[%clk 1:32:27]}
6. cxd5 {[%clk 1:30:13]} Nxd5 {[%clk 1:32:50]} 7. Bc4 {[%clk 1:28:08]} Nb6
{[%clk 1:33:14]} 8. d5 {[%clk 1:26:06]} Nxc4 {[%clk 1:25:39]} 9. Qd4
{[%clk 1:25:34]} Rg8 {[%clk 1:16:54]} 10. Qxc4 {[%clk 1:24:55]} Na6
{[%clk 1:14:59]} 11. Nf3 {[%clk 1:22:24]} Bg7 {[%clk 1:12:51]} 12. O-O
{[%clk 1:20:22]} Qc7 {[%clk 1:10:15]} 13. Qxc7 {[%clk 1:14:42]} Nxc7
{[%clk 1:10:38]} 14. d6 {[%clk 1:14:29]} exd6 {[%clk 1:08:04]} 15. Bf4
{[%clk 1:13:17]} Bxc3 {[%clk 0:54:33]} 16. bxc3 {[%clk 1:07:37]} Be6
{[%clk 0:50:28]} 17. Bxd6 {[%clk 0:50:16]} O-O-O {[%clk 0:50:30]} 18. Bxc7
{[%clk 0:50:17]} Kxc7 {[%clk 0:50:36]} 19. Nd4 {[%clk 0:49:38]} Bc4
{[%clk 0:47:17]} 20. Rfe1 {[%clk 0:49:20]} Rge8 {[%clk 0:47:24]} 21. a4
{[%clk 0:48:47]} a5 {[%clk 0:27:20]} 22. f4 {[%clk 0:46:54]} Kd7 {[%clk 0:17:28]}
23. Kf2 {[%clk 0:45:36]} Rxe1 {[%clk 0:17:23]} 24. Rxe1 {[%clk 0:44:49]} Re8
{[%clk 0:17:37]} 25. Re5 {[%clk 0:31:52]} Rxe5 {[%clk 0:16:30]} 26. fxe5
{[%clk 0:32:08]} Kc7 {[%clk 0:16:50]} 27. Ke3 {[%clk 0:30:42]} Kb6
{[%clk 0:16:07]} 28. Kf4 {[%clk 0:28:31]} h6 {[%clk 0:12:51]} 29. e6
{[%clk 0:28:09]} Bxe6 {[%clk 0:12:45]} 30. Nxe6 {[%clk 0:26:09]} fxe6
{[%clk 0:13:10]} 31. Ke5 {[%clk 0:26:14]} Kc5 {[%clk 0:13:29]} 32. Kxe6
{[%clk 0:26:37]} b5 {[%clk 0:13:53]} 33. Kf6 {[%clk 0:25:16]} bxa4
{[%clk 0:14:10]} 34. Kxg6 {[%clk 0:25:34]} a3 {[%clk 0:14:36]} 35. Kxh6
{[%clk 0:25:38]} a2 {[%clk 0:15:00]} 36. g4 {[%clk 0:25:18]} a1=Q
{[%clk 0:15:21]} 37. g5 {[%clk 0:25:37]} Qxc3 {[%clk 0:15:32]} 38. g6
{[%clk 0:26:00]} Qh8+ {[%clk 0:15:51]} 39. Kg5 {[%clk 0:26:28]} Qxh2
{[%clk 0:16:10]} 40. g7 {[%clk 0:26:53]} Qh7 {[%clk 0:16:21]} 41. Kf6
{[%clk 0:27:21]} Qg8 {[%clk 0:16:43]} 42. Ke5 Kd4+ 0-1

[Event "escc2023_65"]
[Site "?"]
[Date "2023.05.27"]
[Round "2.15"]
[White "Myall, Ivan J"]
[Black "Furman, Boris"]
[Result "0-1"]
[BlackElo "2142"]
[WhiteElo "1924"]
[LiveChessVersion "1.4.8"]

1. d4 {[%clk 1:30:57]} Nf6 {[%clk 1:30:49]} 2. Bf4 {[%clk 1:31:22]} d5
{[%clk 1:31:03]} 3. e3 {[%clk 1:31:41]} e6 {[%clk 1:31:12]} 4. c3
{[%clk 1:31:50]} Bd6 {[%clk 1:28:40]} 5. Bg3 {[%clk 1:31:29]} c5 {[%clk 1:28:21]}
6. Nd2 {[%clk 1:30:28]} Nc6 {[%clk 1:28:29]} 7. f4 {[%clk 1:26:58]} cxd4
{[%clk 1:23:21]} 8. cxd4 {[%clk 1:27:23]} Bd7 {[%clk 1:22:06]} 9. a3
{[%clk 1:27:07]} Qb6 {[%clk 1:17:40]} 10. Qb3 {[%clk 1:16:57]} Qxb3
{[%clk 1:15:46]} 11. Nxb3 {[%clk 1:17:24]} Ne4 {[%clk 1:15:59]} 12. Bd3
{[%clk 1:16:59]} Ne7 {[%clk 1:12:35]} 13. Nd2 {[%clk 1:10:19]} Bc6
{[%clk 1:04:59]} 14. Ngf3 {[%clk 1:07:19]} Nf5 {[%clk 1:04:27]} 15. Bf2
{[%clk 1:07:33]} f6 {[%clk 1:01:14]} 16. g4 {[%clk 1:01:23]} Ne7 {[%clk 1:00:44]}
17. Rg1 {[%clk 0:58:39]} O-O {[%clk 0:53:59]} 18. Bg3 {[%clk 0:41:29]} Nxg3
{[%clk 0:53:24]} 19. Rxg3 {[%clk 0:40:53]} g5 {[%clk 0:51:23]} 20. Rh3
{[%clk 0:40:04]} gxf4 {[%clk 0:51:19]} 21. e4 {[%clk 0:39:25]} Ng6
{[%clk 0:49:36]} 22. g5 {[%clk 0:35:54]} e5 {[%clk 0:44:31]} 23. gxf6
{[%clk 0:32:36]} exd4 {[%clk 0:42:09]} 24. Kf2 {[%clk 0:32:07]} Rxf6
{[%clk 0:37:36]} 25. e5 {[%clk 0:24:04]} Nxe5 {[%clk 0:36:28]} 26. Nxe5
{[%clk 0:24:29]} Bxe5 {[%clk 0:36:44]} 27. Rg1+ {[%clk 0:24:46]} Kf8
{[%clk 0:34:19]} 28. Bxh7 {[%clk 0:22:55]} Ke7 {[%clk 0:32:25]} 29. Nf3
{[%clk 0:22:50]} Bc7 {[%clk 0:31:10]} 30. Bd3 {[%clk 0:15:16]} Kd6
{[%clk 0:30:28]} 31. Rg7 {[%clk 0:11:55]} Re8 {[%clk 0:28:49]} 32. Rhh7
{[%clk 0:10:23]} Re3 {[%clk 0:25:12]} 33. Bf1 {[%clk 0:09:03]} Bb6
{[%clk 0:23:54]} 34. Ng5 {[%clk 0:08:12]} d3 {[%clk 0:21:22]} 35. Nf7+
{[%clk 0:06:05]} Rxf7 {[%clk 0:12:53]} 36. Rxf7 {[%clk 0:06:31]} d2
{[%clk 0:12:44]} 37. Be2 {[%clk 0:06:11]} Rg3+ 0-1

[Event "escc2023_65"]
[Site "?"]
[Date "2023.05.27"]
[Round "2.16"]
[White "Madebrink, Lars"]
[Black "Kierzek, Mira"]
[Result "1/2-1/2"]
[BlackElo "1955"]
[WhiteElo "2136"]
[LiveChessVersion "1.4.8"]

1. d4 {[%clk 1:30:56]} d5 {[%clk 1:30:46]} 2. Nf3 {[%clk 1:31:18]} Nf6
{[%clk 1:31:00]} 3. c4 {[%clk 1:31:36]} c6 {[%clk 1:31:12]} 4. Qc2
{[%clk 1:31:12]} g6 {[%clk 1:30:03]} 5. e3 {[%clk 1:29:13]} Bg7 {[%clk 1:29:50]}
6. Bd3 {[%clk 1:29:13]} O-O {[%clk 1:29:33]} 7. O-O {[%clk 1:29:15]} dxc4
{[%clk 1:25:49]} 8. Qxc4 {[%clk 1:29:14]} b5 {[%clk 1:20:09]} 9. Qc2
{[%clk 1:29:17]} Bb7 {[%clk 1:19:51]} 10. a4 {[%clk 1:20:50]} a6 {[%clk 1:19:37]}
11. Nbd2 {[%clk 1:16:19]} Nbd7 {[%clk 1:17:40]} 12. Nb3 {[%clk 1:13:54]} Rc8
{[%clk 1:11:15]} 13. Bd2 {[%clk 1:10:28]} Qc7 {[%clk 1:01:13]} 14. Rfc1
{[%clk 0:54:38]} Qb8 {[%clk 0:56:54]} 15. e4 {[%clk 0:51:00]} e5 {[%clk 0:49:51]}
16. dxe5 {[%clk 0:49:34]} Ng4 {[%clk 0:49:00]} 17. Nc5 {[%clk 0:43:46]} Nxc5
{[%clk 0:47:38]} 18. Qxc5 {[%clk 0:44:06]} Nxe5 {[%clk 0:47:51]} 19. Nxe5
{[%clk 0:43:17]} Bxe5 {[%clk 0:46:47]} 20. Bc3 {[%clk 0:42:57]} Bxh2+
{[%clk 0:46:14]} 21. Kh1 {[%clk 0:40:01]} Qd6 {[%clk 0:40:10]} 22. Bb4
{[%clk 0:31:35]} Rfd8 {[%clk 0:31:46]} 23. Bf1 {[%clk 0:29:27]} Qxc5
{[%clk 0:29:04]} 24. Bxc5 {[%clk 0:29:49]} Be5 {[%clk 0:29:12]} 25. Rc2
{[%clk 0:29:37]} Bd4 {[%clk 0:28:49]} 26. Rac1 {[%clk 0:29:12]} Bxc5
{[%clk 0:23:10]} 27. Rxc5 {[%clk 0:29:35]} Rd2 {[%clk 0:22:48]} 28. axb5
{[%clk 0:25:28]} axb5 {[%clk 0:22:47]} 29. Bxb5 {[%clk 0:20:05]} Rxb2
{[%clk 0:22:45]} 30. Bc4 {[%clk 0:18:57]} Rd8 {[%clk 0:19:06]} 31. f3
{[%clk 0:18:29]} Rdd2 {[%clk 0:17:39]} 32. Bf1 {[%clk 0:15:37]} Kg7
{[%clk 0:17:48]} 33. Kh2 {[%clk 0:14:14]} h5 {[%clk 0:12:12]} 34. Kg3
{[%clk 0:10:42]} f6 {[%clk 0:08:56]} 35. e5 {[%clk 0:09:20]} fxe5
{[%clk 0:04:42]} 36. Rxe5 {[%clk 0:08:51]} Kf6 {[%clk 0:04:13]} 37. Re8
{[%clk 0:06:23]} Rd6 {[%clk 0:03:43]} 38. Rb8 {[%clk 0:06:13]} Kg5
{[%clk 0:02:54]} 39. Rc5+ {[%clk 0:05:18]} Kh6 {[%clk 0:02:47]} 40. Ba6
{[%clk 0:04:58]} Rxg2+ {[%clk 0:02:19]} 41. Kxg2 {[%clk 0:05:14]} Bxa6
{[%clk 0:02:49]} 42. Kg3 {[%clk 0:04:48]} 1/2-1/2

[Event "escc2023_65"]
[Site "?"]
[Date "2023.05.27"]
[Round "2.17"]
[White "Benazzo, Angelo"]
[Black "Giacomini, Hector"]
[Result "0-1"]
[BlackElo "2126"]
[WhiteElo "1644"]
[LiveChessVersion "1.4.8"]

1. Nf3 {[%clk 1:30:51]} d5 {[%clk 1:30:55]} 2. g3 {[%clk 1:31:07]} Nf6
{[%clk 1:31:17]} 3. Bg2 {[%clk 1:31:33]} e6 {[%clk 1:31:36]} 4. d3
{[%clk 1:31:24]} c5 {[%clk 1:31:38]} 5. Nbd2 {[%clk 1:31:36]} Nc6
{[%clk 1:31:56]} 6. O-O {[%clk 1:31:24]} Be7 {[%clk 1:32:20]} 7. Re1
{[%clk 1:31:29]} O-O {[%clk 1:32:29]} 8. e4 {[%clk 1:31:20]} Qc7 {[%clk 1:32:35]}
9. c3 {[%clk 1:29:54]} Rd8 {[%clk 1:32:33]} 10. e5 {[%clk 1:28:53]} Nd7
{[%clk 1:32:48]} 11. d4 {[%clk 1:28:54]} b5 {[%clk 1:31:25]} 12. Nb3
{[%clk 1:24:23]} b4 {[%clk 1:27:38]} 13. Bf4 {[%clk 1:19:00]} Ba6
{[%clk 1:26:50]} 14. Bf1 {[%clk 1:16:30]} Bxf1 {[%clk 1:26:14]} 15. Kxf1
{[%clk 1:16:53]} c4 {[%clk 1:22:36]} 16. Nbd2 {[%clk 1:16:03]} Qa5
{[%clk 1:18:35]} 17. Qc2 {[%clk 1:15:36]} Rab8 {[%clk 1:17:34]} 18. Bg5
{[%clk 1:14:06]} Rb7 {[%clk 1:13:44]} 19. Bxe7 {[%clk 1:14:08]} Nxe7
{[%clk 1:14:10]} 20. Ng5 {[%clk 1:11:09]} Nf8 {[%clk 1:14:20]} 21. Reb1
{[%clk 1:01:22]} Rdb8 {[%clk 1:11:20]} 22. a3 {[%clk 0:59:08]} bxc3
{[%clk 1:08:49]} 23. bxc3 {[%clk 0:57:53]} h6 {[%clk 1:06:01]} 24. Nh3
{[%clk 0:55:36]} Nd7 {[%clk 1:04:16]} 25. Rxb7 {[%clk 0:55:05]} Rxb7
{[%clk 1:04:41]} 26. Rb1 {[%clk 0:54:42]} Rb6 {[%clk 1:02:00]} 27. Rxb6
{[%clk 0:50:09]} Nxb6 {[%clk 1:02:22]} 28. Nb1 {[%clk 0:50:20]} Qb5
{[%clk 1:00:48]} 29. Ke1 {[%clk 0:46:54]} Na4 {[%clk 0:56:47]} 30. f4
{[%clk 0:45:17]} Nf5 {[%clk 0:49:13]} 31. Kd2 {[%clk 0:44:46]} Qa5
{[%clk 0:48:10]} 32. Ke2 {[%clk 0:43:21]} h5 {[%clk 0:44:17]} 33. Nf2
{[%clk 0:42:03]} Qb5 {[%clk 0:44:04]} 34. Nd1 {[%clk 0:40:33]} a6
{[%clk 0:38:12]} 35. Ne3 {[%clk 0:38:55]} Qxb1 {[%clk 0:36:37]} 36. Qxa4
{[%clk 0:30:53]} Qd3+ {[%clk 0:36:21]} 37. Kf2 {[%clk 0:29:27]} Qxe3+
{[%clk 0:36:26]} 38. Kg2 {[%clk 0:29:41]} Qe2+ {[%clk 0:34:26]} 39. Kh3
{[%clk 0:27:47]} Qf1# {[%clk 0:34:47]} 0-1

[Event "escc2023_65"]
[Site "?"]
[Date "2023.05.27"]
[Round "2.18"]
[White "Ubezio, Marco"]
[Black "Schmuki, Roman"]
[Result "1-0"]
[BlackElo "1932"]
[WhiteElo "2112"]
[LiveChessVersion "1.4.8"]

1. d4 {[%clk 1:30:53]} d5 {[%clk 1:30:55]} 2. Nf3 {[%clk 1:31:17]} e6
{[%clk 1:31:13]} 3. c4 {[%clk 1:31:40]} Nf6 {[%clk 1:31:19]} 4. g3
{[%clk 1:32:02]} dxc4 {[%clk 1:30:38]} 5. Qa4+ {[%clk 1:31:39]} Nbd7
{[%clk 1:30:30]} 6. Bg2 {[%clk 1:31:54]} c5 {[%clk 1:24:25]} 7. Na3
{[%clk 1:14:04]} cxd4 {[%clk 1:09:41]} 8. Nxc4 {[%clk 1:11:39]} Bc5
{[%clk 1:08:04]} 9. Nxd4 {[%clk 1:00:46]} O-O {[%clk 1:07:15]} 10. Nb3
{[%clk 0:56:28]} Be7 {[%clk 0:42:28]} 11. O-O {[%clk 0:55:33]} Nc5
{[%clk 0:40:26]} 12. Nxc5 {[%clk 0:54:42]} Bxc5 {[%clk 0:40:55]} 13. Bg5
{[%clk 0:49:53]} Qe7 {[%clk 0:36:05]} 14. Rad1 {[%clk 0:39:54]} Rb8
{[%clk 0:23:24]} 15. Bf4 {[%clk 0:31:13]} b5 {[%clk 0:17:01]} 16. Qb3
{[%clk 0:30:43]} Bb7 {[%clk 0:16:51]} 17. Qxb5 {[%clk 0:16:13]} Bxg2
{[%clk 0:15:54]} 18. Bxb8 {[%clk 0:16:30]} Bxf1 {[%clk 0:13:26]} 19. Kxf1
{[%clk 0:16:52]} Ne4 {[%clk 0:07:07]} 20. f3 {[%clk 0:14:39]} Rd8
{[%clk 0:05:08]} 21. Rd3 {[%clk 0:09:27]} Rxd3 {[%clk 0:04:07]} 22. exd3
{[%clk 0:09:55]} Nf2 {[%clk 0:04:09]} 23. Bd6 {[%clk 0:09:24]} Bxd6
{[%clk 0:03:42]} 24. Nxd6 {[%clk 0:09:23]} Nd1 {[%clk 0:03:00]} 25. Qb8+
{[%clk 0:07:51]} Qf8 {[%clk 0:03:21]} 26. Qxf8+ {[%clk 0:08:17]} Kxf8
{[%clk 0:03:49]} 27. Nc4 {[%clk 0:08:41]} Ke8 1-0

[Event "escc2023_65"]
[Site "?"]
[Date "2023.05.27"]
[Round "2.19"]
[White "Gal, Moshe"]
[Black "Green, Per"]
[Result "1/2-1/2"]
[BlackElo "1899"]
[WhiteElo "2095"]
[LiveChessVersion "1.4.8"]

1. d4 {[%clk 1:30:58]} Nf6 {[%clk 1:30:42]} 2. Bf4 {[%clk 1:31:22]} e6
{[%clk 1:30:43]} 3. e3 {[%clk 1:31:44]} c5 {[%clk 1:31:00]} 4. Nf3
{[%clk 1:32:01]} cxd4 {[%clk 1:31:07]} 5. exd4 {[%clk 1:32:19]} b6
{[%clk 1:31:04]} 6. Nbd2 {[%clk 1:30:18]} Be7 {[%clk 1:30:51]} 7. c3
{[%clk 1:28:53]} O-O {[%clk 1:30:25]} 8. h3 {[%clk 1:29:05]} d6 {[%clk 1:29:44]}
9. a4 {[%clk 1:29:13]} Ba6 {[%clk 1:26:17]} 10. Bxa6 {[%clk 1:28:41]} Nxa6
{[%clk 1:26:39]} 11. O-O {[%clk 1:28:59]} Nc7 {[%clk 1:26:26]} 12. Re1
{[%clk 1:27:21]} Qd7 {[%clk 1:25:52]} 13. Bh2 {[%clk 1:26:35]} a6
{[%clk 1:25:14]} 14. Qe2 {[%clk 1:17:46]} b5 {[%clk 1:22:57]} 15. axb5
{[%clk 1:15:20]} axb5 {[%clk 1:22:15]} 16. Nb3 {[%clk 1:13:38]} Ncd5
{[%clk 1:17:45]} 17. Rec1 {[%clk 1:09:54]} Rfc8 {[%clk 1:13:58]} 18. Qd1
{[%clk 1:02:17]} Nb6 {[%clk 1:10:11]} 19. Rxa8 {[%clk 1:01:19]} Rxa8
{[%clk 1:10:06]} 20. Ra1 {[%clk 1:01:29]} Rxa1 {[%clk 1:07:59]} 21. Qxa1
{[%clk 1:01:39]} Na4 {[%clk 1:06:38]} 22. Bf4 {[%clk 0:58:37]} Nd5
{[%clk 1:03:11]} 23. Bd2 {[%clk 0:58:01]} h6 {[%clk 1:02:42]} 24. Nc1
{[%clk 0:54:58]} Qc6 {[%clk 1:01:05]} 25. Qa2 {[%clk 0:53:43]} Bf6
{[%clk 0:57:06]} 26. Qb3 {[%clk 0:43:45]} Ndb6 {[%clk 0:53:28]} 27. Be3
{[%clk 0:39:53]} Nd5 {[%clk 0:49:31]} 28. Nd2 {[%clk 0:39:14]} Nab6
{[%clk 0:44:37]} 29. Nf1 {[%clk 0:32:29]} b4 {[%clk 0:39:52]} 30. Ne2
{[%clk 0:31:53]} bxc3 {[%clk 0:39:46]} 31. Nxc3 {[%clk 0:31:51]} Nxe3
{[%clk 0:33:50]} 32. fxe3 {[%clk 0:32:12]} d5 {[%clk 0:32:24]} 33. Qb5
{[%clk 0:30:59]} Qxb5 {[%clk 0:26:14]} 34. Nxb5 {[%clk 0:31:27]} e5
{[%clk 0:26:12]} 35. b3 {[%clk 0:31:32]} exd4 {[%clk 0:25:27]} 36. exd4
{[%clk 0:31:04]} Bg5 {[%clk 0:24:40]} 37. Kf2 {[%clk 0:31:15]} Kf8
{[%clk 0:24:59]} 38. Ke2 {[%clk 0:29:11]} Ke7 {[%clk 0:25:04]} 39. Kd3
{[%clk 0:29:35]} Kd7 {[%clk 0:25:00]} 40. Kc3 {[%clk 0:27:01]} Kc6
{[%clk 0:24:39]} 41. Na7+ {[%clk 0:27:02]} Kb7 {[%clk 0:24:47]} 42. Nb5
{[%clk 0:27:27]} Kc6 {[%clk 0:25:09]} 43. Na7+ {[%clk 0:27:55]} 1/2-1/2

[Event "escc2023_65"]
[Site "?"]
[Date "2023.05.27"]
[Round "2.20"]
[White "Tibaldeschi, Attilio"]
[Black "Biro, Sandor"]
[Result "0-1"]
[BlackElo "2089"]
[WhiteElo "1521"]
[LiveChessVersion "1.4.8"]

1. Nf3 {[%clk 1:30:58]} Nc6 {[%clk 1:30:53]} 2. b3 {[%clk 1:31:14]} e5
{[%clk 1:31:16]} 3. d3 {[%clk 1:31:20]} d5 {[%clk 1:31:06]} 4. Bb2
{[%clk 1:31:02]} Bd6 {[%clk 1:31:17]} 5. e3 {[%clk 1:31:05]} f5 {[%clk 1:29:37]}
6. Be2 {[%clk 1:30:13]} Nf6 {[%clk 1:29:43]} 7. Nbd2 {[%clk 1:30:11]} e4
{[%clk 1:27:34]} 8. dxe4 {[%clk 1:27:50]} fxe4 {[%clk 1:27:39]} 9. Nd4
{[%clk 1:24:00]} Nxd4 {[%clk 1:27:57]} 10. Bxd4 {[%clk 1:23:50]} O-O
{[%clk 1:27:51]} 11. c4 {[%clk 1:23:31]} c5 {[%clk 1:08:52]} 12. Bc3
{[%clk 1:19:54]} d4 {[%clk 1:08:50]} 13. exd4 {[%clk 1:17:56]} Qe7
{[%clk 1:08:40]} 14. Nf1 {[%clk 1:16:52]} cxd4 {[%clk 1:08:46]} 15. Qxd4
{[%clk 1:10:44]} Bc5 {[%clk 1:09:05]} 16. Qe5 {[%clk 1:10:52]} Bxf2+
{[%clk 1:09:20]} 17. Kd1 {[%clk 1:10:23]} Qxe5 {[%clk 1:06:08]} 18. Bxe5
{[%clk 1:10:34]} Ng4 {[%clk 1:06:15]} 19. Bd6 {[%clk 1:09:16]} Rd8
{[%clk 1:06:30]} 20. c5 {[%clk 1:09:28]} Bxc5 {[%clk 1:06:47]} 0-1

[Event "escc2023_65"]
[Site "?"]
[Date "2023.05.27"]
[Round "2.21"]
[White "Fernandez Garcia, Jose Luis"]
[Black "Adler, Doron"]
[Result "1-0"]
[BlackElo "1766"]
[WhiteElo "2370"]
[LiveChessVersion "1.4.8"]

1. e4 {[%clk 1:30:56]} d5 {[%clk 1:30:47]} 2. exd5 {[%clk 1:31:19]} Qxd5
{[%clk 1:31:05]} 3. Nf3 {[%clk 1:31:43]} c6 {[%clk 1:31:20]} 4. d4
{[%clk 1:31:54]} Bf5 {[%clk 1:31:31]} 5. c4 {[%clk 1:32:02]} Qd6 {[%clk 1:31:46]}
6. Nc3 {[%clk 1:31:53]} Nf6 {[%clk 1:31:50]} 7. Be2 {[%clk 1:30:48]} e6
{[%clk 1:32:07]} 8. O-O {[%clk 1:28:31]} Nbd7 {[%clk 1:32:11]} 9. Re1
{[%clk 1:24:11]} Be7 {[%clk 1:32:22]} 10. Nh4 {[%clk 1:22:57]} Bg6
{[%clk 1:32:32]} 11. g3 O-O {[%clk 1:31:38]} 12. Bf4 {[%clk 1:22:49]} Qb4
{[%clk 1:31:49]} 13. a3 {[%clk 1:22:40]} Qa5 {[%clk 1:32:05]} 14. b4
{[%clk 1:18:02]} Qd8 {[%clk 1:32:18]} 15. Nxg6 {[%clk 1:16:47]} hxg6
{[%clk 1:32:36]} 16. Bf3 {[%clk 1:16:13]} Re8 {[%clk 1:28:14]} 17. d5
{[%clk 1:12:15]} exd5 {[%clk 0:58:38]} 18. cxd5 {[%clk 1:12:28]} Rc8
{[%clk 0:58:33]} 19. Rc1 {[%clk 0:53:53]} Nb6 {[%clk 0:43:24]} 20. dxc6
{[%clk 0:52:01]} Qxd1 {[%clk 0:40:35]} 21. Nxd1 {[%clk 0:52:06]} bxc6
{[%clk 0:37:02]} 22. Bxc6 {[%clk 0:51:00]} Nbd5 {[%clk 0:35:50]} 23. Bxe8
{[%clk 0:50:46]} Rxc1 {[%clk 0:36:14]} 24. Bxc1 1-0

[Event "escc2023_65"]
[Site "?"]
[Date "2023.05.27"]
[Round "2.22"]
[White "Wengholm, Anders"]
[Black "Patrucco, Carlo"]
[Result "1-0"]
[BlackElo "1734"]
[WhiteElo "2167"]
[LiveChessVersion "1.4.8"]

1. Nf3 {[%clk 1:30:58]} Nf6 {[%clk 1:30:51]} 2. c4 {[%clk 1:31:21]} d6
{[%clk 1:31:11]} 3. d4 {[%clk 1:31:33]} g6 {[%clk 1:31:25]} 4. Nc3
{[%clk 1:31:49]} Bf5 {[%clk 1:31:36]} 5. Qb3 {[%clk 1:25:02]} Qc8
{[%clk 1:31:19]} 6. h3 {[%clk 1:25:18]} Bg7 {[%clk 1:27:13]} 7. Bf4
{[%clk 1:23:45]} O-O {[%clk 1:24:39]} 8. e3 {[%clk 1:23:41]} a6 {[%clk 1:19:04]}
9. Be2 {[%clk 1:22:06]} c5 {[%clk 1:13:05]} 10. O-O {[%clk 1:18:53]} Re8
{[%clk 1:04:10]} 11. Rfd1 {[%clk 1:06:17]} Nc6 {[%clk 0:54:01]} 12. dxc5
{[%clk 0:55:40]} dxc5 {[%clk 0:54:09]} 13. Nd5 {[%clk 0:56:07]} Nxd5
{[%clk 0:51:40]} 14. cxd5 {[%clk 0:55:12]} Nb4 {[%clk 0:46:53]} 15. Rac1
{[%clk 0:55:28]} a5 {[%clk 0:44:00]} 16. Be5 {[%clk 0:43:31]} Bxe5
{[%clk 0:43:32]} 17. Nxe5 {[%clk 0:43:59]} Qb8 {[%clk 0:38:30]} 18. f4
{[%clk 0:39:22]} Qd6 {[%clk 0:31:47]} 19. a3 {[%clk 0:39:00]} Na6
{[%clk 0:30:38]} 20. Nc4 {[%clk 0:35:28]} Qf6 {[%clk 0:30:24]} 21. Bf3
{[%clk 0:30:53]} Rab8 {[%clk 0:19:17]} 22. Nxa5 {[%clk 0:26:37]} b5
{[%clk 0:18:08]} 23. Nc6 {[%clk 0:26:51]} c4 {[%clk 0:17:21]} 24. Qc3
{[%clk 0:26:37]} Qxc3 {[%clk 0:17:43]} 25. Rxc3 {[%clk 0:26:57]} Rb6
{[%clk 0:16:51]} 26. e4 {[%clk 0:26:09]} Bd7 {[%clk 0:17:14]} 27. Ne5
{[%clk 0:25:32]} Bc8 {[%clk 0:16:19]} 28. b3 {[%clk 0:25:20]} cxb3
{[%clk 0:15:06]} 29. Rb1 {[%clk 0:25:08]} f6 {[%clk 0:13:47]} 30. Nd3
{[%clk 0:21:20]} Bd7 {[%clk 0:13:49]} 31. Rbxb3 {[%clk 0:20:58]} Reb8
{[%clk 0:13:27]} 32. Nb4 {[%clk 0:14:13]} Nxb4 {[%clk 0:11:43]} 33. axb4
{[%clk 0:14:40]} Kf8 {[%clk 0:08:42]} 34. e5 {[%clk 0:14:48]} fxe5
{[%clk 0:08:12]} 35. fxe5 {[%clk 0:15:15]} Ke8 {[%clk 0:05:27]} 36. h4
{[%clk 0:07:43]} Kd8 {[%clk 0:04:24]} 37. Ra3 {[%clk 0:06:47]} Bc8
{[%clk 0:03:13]} 38. h5 {[%clk 0:06:23]} gxh5 {[%clk 0:02:27]} 39. e6
{[%clk 0:06:45]} Bb7 {[%clk 0:02:00]} 40. Be4 {[%clk 0:07:02]} h6
{[%clk 0:01:42]} 41. Rc5 {[%clk 0:07:06]} Rc8 {[%clk 0:21:55]} 42. Rg3
{[%clk 0:36:59]} Rxc5 {[%clk 0:22:17]} 43. bxc5 {[%clk 0:37:17]} Ra6
{[%clk 0:22:29]} 44. Rg8+ {[%clk 0:36:46]} Kc7 {[%clk 0:22:53]} 45. d6+
{[%clk 0:35:19]} exd6 {[%clk 0:22:16]} 46. Rg7+ {[%clk 0:35:38]} 1-0